skbl

Dr Suryya Kumar Bhuyan Library Web-OPAC
ডঃ সূৰ্য্য
কুমাৰ ভূঞা পুথিভঁৰাল ৱেব-অ'পেক

All Research Scholars are advised to clear the annual library fees to continue using Library Resources, Remote Access, Plagiarism Test and Library Clearance.

Cotton University Book Fair 2026

Sociolingustics / (Record no. 37142)

MARC details
000 -LEADER
fixed length control field 00412nam a2200169Ia 4500
001 - CONTROL NUMBER
control field 37160
005 - DATE AND TIME OF LATEST TRANSACTION
control field 20240114001923.0
007 - PHYSICAL DESCRIPTION FIXED FIELD--GENERAL INFORMATION
fixed length control field ta
008 - FIXED-LENGTH DATA ELEMENTS--GENERAL INFORMATION
fixed length control field 070529s a g b000 u u
082 ## - DEWEY DECIMAL CLASSIFICATION NUMBER
Classification number 410.301
Item number tr 76 So
100 ## - MAIN ENTRY--PERSONAL NAME
Personal name trudgail, Peyer .
245 #0 - TITLE STATEMENT
Title Sociolingustics /
Statement of responsibility, etc. Peyer trudgail.
Medium Textual Documents
300 ## - PHYSICAL DESCRIPTION
Other physical details ill ;
653 ## - INDEX TERM--UNCONTROLLED
Uncontrolled term English- Literature
942 ## - ADDED ENTRY ELEMENTS (KOHA)
Source of classification or shelving scheme Dewey Decimal Classification
Koha item type Books
Holdings
Withdrawn status Lost status Damaged status Not for loan Home library Current library Date acquired Coded location qualifier Total checkouts Full call number Barcode Date last seen Copy number Price effective from Koha item type
        Dr. Suryya Kumar Bhuyan Library Dr. Suryya Kumar Bhuyan Library 01/02/2012 00000   410.301 tr 76 So 81262 14/01/2024 1 01/02/2012 Books

Designed and Maintained by Team SKBL
©1901-2026

Powered by Koha